000 00566nam a2200205Ia 4500
005 20250508162010.0
008 008 250505s9999 xx 000 0 eng d
020 _a0-416-71350-5
037 _aTextual
040 _aFEDL
_beng
_cFEDL
041 _aeng
_2eng
084 _a153.12, GRU
_qFEDL
100 _aGruneberg Michael M. Ed.
245 0 _aAspects of memory
260 _aLondon, UK
_bMethuen and Co. Ltd
_c1978
300 _axii,220p.
700 _a Morris Peter Ed.
_9771992
942 _cTEXL
_h153.12, GRU
999 _c1373742
_d1373742